000 00967nam a2200253Ia 4500
005 20170803115945.0
010 _aBAC-CH25
020 _a9788129129246
_c150.00
020 _a9788129129246
_c176.00 (AV)
035 _aG-003151
035 _aB-557368-395
035 _aB-667218
037 _bAakar Books/Ven
_adpl
082 _a000
100 _aO'Brien, Derek
245 _aThe best of bournvita quiz contest/
_cby Derek O'Brien
260 _aNew Delhi
_bRupa Publications
_c2013
270 _a7/16, Ansari Road, Daryaganj
_bNew Delhi
_e110002
300 _a135p.
_c19cm(pbk)
942 _cCH
_2ddc
_mOBR
_h000
999 _c85584
_d85584